| 000 | 01449cam a22003737a 4500 | ||
|---|---|---|---|
| 003 | CHAP | ||
| 005 | 20220329142355.0 | ||
| 008 | 001011d2000 mx a r 00110 spa d | ||
| 010 | _a82549 | ||
| 011 | _a83521 | ||
| 035 | _a94034 | ||
| 040 | _cCHAP | ||
| 090 | _aTesis | ||
| 100 | 0 | 0 |
_aDoroteo Sánchez, Marco Antonio. _934025 |
| 245 | 1 | 0 |
_aVariabilidad fenotípica del tomate silvestre (Licopersicon esculentum var. cerasiforme) atacado por Nacobbus aberrans en invernadero _c/por Marco Antonio Doroteo Sánchez |
| 260 |
_aChapingo, Méx. : _bEl autor, _c2000. |
||
| 300 |
_a36 h. : _bilus. : gráfs. |
||
| 502 | _aTesis (Ing. Agr. Esp. en Parasitología Agrícola) --UACH. Departamento de Parasitología Agrícola | ||
| 590 |
_aALEPH _b10 _c20130110 _lUCH01 _h1438 |
||
| 590 |
_aBATCH-UPD _b10 _c20130110 _lUCH01 _h0346 |
||
| 590 |
_aBATCH-UPD _b10 _c20130110 _lUCH01 _h1954 |
||
| 590 |
_aBATCH-UPD _b10 _c20130410 _lUCH01 _h0020 |
||
| 590 |
_aBATCH-UPD _b10 _c20130914 _lUCH01 _h1129 |
||
| 590 |
_aCONVERSION _b10 _c20130109 _lUCH01 _h1346 |
||
| 650 | 1 | 4 |
_aCultivos en invernadero. _930376 |
| 650 | 1 | 4 |
_aNacobbus aberrans. _980022 |
| 650 | 1 | 4 |
_aTomate _xEnfermedades por nemátodos. _9113714 |
| 650 | 1 | 4 |
_aTomate _xVariedades resistentes a enfermedades. _9113778 |
| 901 | _aBK | ||
| 905 | _aMayto Villalobos S. | ||
| 942 | _cFOLL | ||
| 949 |
_bBC _cTES _d33724000794160 _eTS2 _fc.2 _h37091 _i94034 _si |
||
| 949 |
_bBC _cTES _d940341 _eTS1 _h37090 _i94034 _sb |
||
| 999 |
_c82549 _d82549 |
||